LEADER 01071nam--2200361---450- 001 990001533430203316 005 20050420145011.0 035 $a000153343 035 $aUSA01000153343 035 $a(ALEPH)000153343USA01 035 $a000153343 100 $a20040325d1974----km-y0itay0103----ba 101 $aita 102 $aIT 105 $a||||||||001yy 200 1 $a<> mortalità in Italia$fLuigi Di Comite 210 $a[s.l.]$c[s.e.]$d1974 215 $a262 p.$d24 cm 300 $ain testa al front. : Facoltà di scienze statistiche demografiche ed attuariali dell'Università di Roma 410 0$12001 454 1$12001 461 1$1001-------$12001 700 1$aDI COMITE,$bLuigi$0101867 801 0$aIT$bsalbc$gISBD 912 $a990001533430203316 951 $aII.5. 1638(II G 359)$b58187 L.M.$cII G 959 $aBK 969 $aUMA 979 $aSIAV1$b10$c20040325$lUSA01$h0946 979 $aPATRY$b90$c20040406$lUSA01$h1746 979 $aCOPAT5$b90$c20050420$lUSA01$h1450 996 $aMortalità in Italia$9805624 997 $aUNISA LEADER 01494nam--2200397---450- 001 990005907180203316 005 20131112153517.0 035 $a000590718 035 $aUSA01000590718 035 $a(ALEPH)000590718USA01 035 $a000590718 100 $a20131112d2013----km-y0itay50------ba 101 $aita 102 $aIT 105 $a||||||||001yy 200 1 $aMessaggio al Parlamento in seduta comune nel giorno del giuramento del Presidente della Repubblica Giorgio Napolitano$eAula di Montecitorio, 22 aprile 2013 210 $aRoma$cUfficio per la Stampa e l'Informazione della Presidenza della Repubblica$d2013 215 $a21 p.$d12 cm 300 $aIn testa al frontespizio: Presidenza della Repubblica italiana 606 0 $2BNCF 676 $a342.45 700 01$aNapolitano,$bGiorgio <1925- >$0120314 712 01$aItalia : Presidenza della Repubblica 801 0$aIT$bsalbc$gISBD 912 $a990005907180203316 951 $aXXXI.MISC. 148$b78200 G.$cXXIV.2.A.$d00344428 959 $aBK 969 $aGIU 979 $aCHIARA$b90$c20131112$lUSA01$h1529 979 $aCHIARA$b90$c20131112$lUSA01$h1530 979 $aCHIARA$b90$c20131112$lUSA01$h1532 979 $aCHIARA$b90$c20131112$lUSA01$h1534 979 $aCHIARA$b90$c20131112$lUSA01$h1534 979 $aCHIARA$b90$c20131112$lUSA01$h1535 996 $aMessaggio al Parlamento in seduta comune nel giorno del giuramento del Presidente della Repubblica Giorgio Napolitano$91073288 997 $aUNISA